000 00608nam a2200217Ia 4500
005 20241129110129.0
008 241129s9999||||xx |||||||||||||| ||und||
020 _a978-1-4625-5260-3
037 _aTB
040 _aARTS
_beng
_cARTS
041 _aeng
_2eng
084 _aS:34 R3
_qARTS
100 _aMcGarty Richard Au.
_9727316
245 0 _aStress, health, and behavior
_cMcGarty Richard Au.
260 _aNew York, USA
_bThe Guilford Press
_c2023
300 _axii,339p.
365 _aUKP
_b49.99
650 _aPsychologyStress
_9727317
942 _cTB
_hS:34 R3
999 _c1227421
_d1227421